000 00314nam a2200133Ia 4500
008 240624s9999 xx 000 0 und d
041 _aeng
082 _a823 CON
100 _aCONRAD JOSEPH
245 _aLORD JIM
260 _c2002
_aNew Delhi
_bWordsworth
300 _axxiv, : 273 : p. : cm. ; 19
365 _cRS
999 _c28717
_d28717